Εισαγωγή στα Συστήματα Μεταφορών (Record no. 8155)
[ view plain ]
| 000 -LEADER | |
|---|---|
| fixed length control field | 02888cam a22002174a 4500 |
| 005 - ΗΜΕΡΟΜΗΝΙΑ ΚΑΙ ΩΡΑ ΤΕΛΕΥΤΑΙΑΣ ΕΝΗΜΕΡΩΣΗΣ | |
| Πεδίο ελέγχου | 20250605164328.0 |
| 008 - FIXED-LENGTH DATA ELEMENTS--GENERAL INFORMATION | |
| Πεδίο ελέγχου σταθερού μήκους | 250528s ||||||||||||||||||||||||d |
| 035 ## - SYSTEM CONTROL NUMBER | |
| System control number | 23125 |
| 020 ## - ISBN | |
| ISBN | 9603513954 |
| 040 ## - ΠΗΓΗ ΚΑΤΑΛΟΓΟΓΡΑΦΗΣΗΣ | |
| Φορέας πρωτότυπης καταλογογράφησης | MC Athens Campus Library |
| Γλώσσα καταλογογράφησης | Ελληνικά, Μοντέρνα (1453-) |
| Modifying agency | MC Athens Campus Library |
| Κανόνες περιγραφικής καταλογογράφησης | AACR2 |
| 245 1# - ΤΙΤΛΟΣ ΚΑΙ ΔΗΛΩΣΗ ΥΠΕΥΘΥΝΟΤΗΤΑΣ | |
| Τίτλος | Εισαγωγή στα Συστήματα Μεταφορών |
| 260 ## - PUBLICATION, DISTRIBUTION, ETC. | |
| Name of publisher, distributor, etc. | Σταμούλης Α, |
| Date of publication, distribution, etc. | 2003 |
| 300 ## - PHYSICAL DESCRIPTION | |
| Extent | 600 |
| 520 ## - SUMMARY, ETC. | |
| Summary, etc. | Το παρόν βιβλίο προσπαθεί να δημιουργήσει ένα πλαίσιο για την κατανόηση των συστημάτων μεταφορών σε βασικό επίπεδο ούτως ώστε φοιτητές, καθηγητές και επαγγελματίες να μπορούν να προχωρήσουν και να σχεδιάσουν τα συστήματα και τα προγράμματα μεταφορών του μέλλοντος βασισμένοι σε ισχυρά θεμελιώδη στοιχεία και καλή κατανόηση του τρόπου λειτουργίας των σύγχρονων συστημάτων και των συναφών θεμάτων. Πρόλογος, Πλαίσιο και Έννοιες και Χαρακτηρισμοί, Στοιχεία των Συστημάτων Μεταφορών: Μια Εσωτερική Προσέγγιση, Στοιχεία των Συστημάτων Μεταφορών: Μια Εξωτερική Προσέγγιση, Ο Πελάτης και το Επίπεδο Υπηρεσιών, Δίκτυα, Συστήματα Μεταφορών: Κύρια Σημεία, Μοντέλα και Πλαίσια, Έννοιες Μοντελοποίησης, Μεταφορές Εμπορευμάτων, Το Σύστημα Logistics και το Επίπεδο Υπηρεσιών για Εμπορεύματα, Σιδηροδρόμοι: Εισαγωγικές Έννοιες, Λειτουργία Σιδηροδρόμων, Τερματικοί Σταθμοί Σιδηροδρόμων: Ανάλυση για την Πρόβλεψη Δικτυακής Συμπεριφοράς, Κόστος και Επίπεδο Υπηρεσιών, Το Μοντέλο Know Μεταφορική Ισχύς και Μέγεθος Στόλου Εμπορευματικών Οχημάτων και Προτεραιότητες Υπηρεσιών: Μια Εφαρμογή Προσομοίωσης, Μέτρηση της Υπηρεσίας Προέλευσης Προορισμού και Άλλα Θέματα Σιδηροδρόμων, Οδικές Μεταφορές, Ποντοπόρος Ναυτιλία και Διεθνείς Εμπορευματικές Μεταφορές, Βιβλιογραφία. |
| 700 1# - ΠΡΟΣΘΕΤΗ ΑΝΑΓΡΑΦΗ--ΦΥΣΙΚΟ ΠΡΟΣΩΠΟ | |
| Personal name | Sussman Joseph |
| 9 (RLIN) | 5726 |
| 700 1# - ΠΡΟΣΘΕΤΗ ΑΝΑΓΡΑΦΗ--ΦΥΣΙΚΟ ΠΡΟΣΩΠΟ | |
| Personal name | Παπαδημητρίου Ευστ |
| 9 (RLIN) | 8689 |
| 700 1# - ΠΡΟΣΘΕΤΗ ΑΝΑΓΡΑΦΗ--ΦΥΣΙΚΟ ΠΡΟΣΩΠΟ | |
| Personal name | Σχινάς Ορ |
| 9 (RLIN) | 8690 |
| 942 ## - ADDED ENTRY ELEMENTS (KOHA) | |
| Koha item type | Books |
| Τύπος τεκμηρίου | Βιβλιοθήκη | Τρέχουσα τοποθεσία | Barcode | Αριθμός εισαγωγής | Ημερομηνία απόκτησης | Ταξιθετικό σύμβολο | Αριθμός αντιτύπου | Κατάσταση απόσυρσης | Κατάσταση χαμένου | Κατάσταση κατεστραμμένου | Μη δανεισμός | Σύνολο δανεισμών | Ημερομηνία τελευταίας εμφάνισης | Η τιμή ισχύει από |
|---|---|---|---|---|---|---|---|---|---|---|---|---|---|---|
| Books | MC Athens Campus Library | MC Athens Campus Library | 9780000081544 | 7530 | 05/06/2025 | 388 SUS | 1 | 05/06/2025 | 05/06/2025 |